[Event "NED-chT 1011"]
[Site "Netherlands"]
[Date "2011.03.12"]
[Round "7.2"]
[White "Bosch, Jeroen"]
[Black "Willemze, Jeroen"]
[Result "1-0"]
[WhiteElo "2424"]
[BlackElo "2368"]
[PlyCount "61"]
[EventDate "2010.09.25"]
[EventType "team"]
[EventRounds "9"]
[EventCountry "NED"]
[SourceTitle "EXT 2012"]
[Source "ChessBase"]
[SourceDate "2011.11.24"]
[SourceVersion "1"]
[SourceVersionDate "2011.11.24"]
[SourceQuality "1"]
[WhiteTeam "Calder HMC"]
[BlackTeam "Utrecht"]
[WhiteTeamCountry "NED"]
[BlackTeamCountry "NED"]

1. g3 Nf6 2. Bg2 d5 3. d3 g6 4. f4 Bg7 5. Nf3 0-0 6. 0-0 d4 7. Na3 c5 8. Bd2 Nd5 9. Qe1 Nc6 10. c3 Rb8 11. Nc2 b5 12. cxd4 cxd4 13. Qf2 Qb6 14. Nh4 Rd8 15. f5 Nf6 16. h3 Bb7 17. fxg6 hxg6 18. Nf3 Rbc8 19. Rac1 e5 20. Ng5 Rd7 21. Ne1 Ne7 22. Rxc8+ Nxc8 23. Bxb7 Qxb7 24. g4 Qd5 25. Qh4 Nd6 26. Bb4 Nde8 27. Nef3 Rc7 28. Ne4 Rc2 29. Nfg5 Rxb2 30. Be7 Qb7 31. Nxf6+ 1-0

[Event "NRW Class2 0910"]
[Site "Germany"]
[Date "2010.02.01"]
[Round "6.1"]
[White "Willemze, Jeroen"]
[Black "Kabatianski, Alexander"]
[Result "1/2-1/2"]
[WhiteElo "2420"]
[BlackElo "2425"]
[PlyCount "49"]
[EventDate "2009.09.20"]
[EventType "team-tourn"]
[EventRounds "9"]
[EventCountry "GER"]
[SourceTitle "EXT 2011"]
[Source "ChessBase"]
[SourceDate "2010.11.26"]
[SourceVersion "1"]
[SourceVersionDate "2010.11.26"]
[SourceQuality "1"]
[WhiteTeam "Erkenschwick"]
[BlackTeam "Emsdetten Turm II"]
[WhiteTeamCountry "GER"]
[BlackTeamCountry "GER"]

1. e4 c5 2. Nf3 e6 3. d4 cxd4 4. Nxd4 Nc6 5. Nc3 Qc7 6. g3 a6 7. Bg2 d6 8. 0-0 Be7 9. Nxc6 bxc6 10. Na4 Bb7 11. c4 c5 12. Bf4 Qc6 13. Nc3 Nf6 14. Re1 0-0 15. Qa4 Qc7 16. e5 dxe5 17. Bxe5 Qc8 18. Ne4 Nxe4 19. Bxe4 Bxe4 20. Rxe4 Qb7 21. Ree1 Rfd8 22. Rad1 h6 23. Bc3 Rac8 24. Rxd8+ Rxd8 25. Rd1 1/2-1/2

[Event "NED-chT 0910"]
[Site "Netherlands"]
[Date "2009.10.31"]
[Round "2.9"]
[White "Aubel, Jochem"]
[Black "Willemze, Jeroen"]
[Result "0-1"]
[WhiteElo "2249"]
[BlackElo "2393"]
[PlyCount "42"]
[EventDate "2009.09.26"]
[EventType "team"]
[EventRounds "9"]
[EventCountry "NED"]
[SourceTitle "EXT 2010"]
[Source "ChessBase"]
[SourceDate "2010.11.25"]
[SourceVersion "1"]
[SourceVersionDate "2010.11.25"]
[SourceQuality "1"]
[WhiteTeam "Nijmegen"]
[BlackTeam "Utrecht"]
[WhiteTeamCountry "NED"]
[BlackTeamCountry "NED"]

1. e4 c6 2. d4 d5 3. e5 Bf5 4. h4 Qb6 5. g4 Bd7 6. h5 e6 7. f4 c5 8. c3 Nc6 9. Nf3 Rc8 10. a3 f6 11. Rh2 Nh6 12. Bh3 cxd4 13. cxd4 fxe5 14. fxe5 Nxd4 15. Nxd4 Rxc1 16. Qxc1 Qxd4 17. Re2 Be7 18. Nd2 Bh4+ 19. Kf1 0-0+ 20. Kg2 Qd3 21. Qd1 Bb5 0-1

[Event "Haarlem BDO-A"]
[Site "Haarlem"]
[Date "2009.08.23"]
[Round "9"]
[White "Zumsande, Martin"]
[Black "Willemze, Jeroen"]
[Result "1-0"]
[WhiteElo "2403"]
[BlackElo "2420"]
[PlyCount "93"]
[EventDate "2009.08.15"]
[EventType "tourn"]
[EventRounds "9"]
[EventCountry "NED"]
[EventCategory "10"]
[SourceTitle "CBM 131 Extra"]
[Source "ChessBase"]
[SourceDate "2009.09.03"]
[SourceVersion "2"]
[SourceVersionDate "2009.09.16"]
[SourceQuality "1"]

1. e4 e6 2. d4 d5 3. Nc3 Nc6 4. e5 Nge7 5. Nf3 Nf5 6. Bb5 Bd7 7. 0-0 h5 8. Be3 Nb4 9. Bxd7+ Qxd7 10. a3 Nc6 11. Qd3 f6 12. Ne2 0-0-0 13. b4 Kb8 14. Bd2 Nce7 15. a4 Nc8 16. a5 a6 17. c4 Nce7 18. Rfc1 dxc4 19. Qxc4 Nd5 20. Nc3 Nxc3 21. Rxc3 Ne7 22. exf6 gxf6 23. Re3 Nd5 24. Re4 Bd6 25. Rae1 Rde8 26. Qe2 f5 27. Rxe6 Rxe6 28. Qxe6 Qxe6 29. Rxe6 Bxb4 30. Re5 Bxd2 31. Nxd2 Nc3 32. g3 Rf8 33. Kg2 b6 34. Kf3 Kb7 35. Nb3 Nb5 36. Kf4 Rd8 37. Rxf5 Nxd4 38. Nxd4 Rxd4+ 39. Ke3 Rd6 40. Rxh5 bxa5 41. Rxa5 Kb6 42. Ra2 c5 43. f4 Kb5 44. f5 c4 45. g4 Kb4 46. g5 Kb3 47. Rf2 1-0

[Event "Haarlem BDO-A"]
[Site "Haarlem"]
[Date "2009.08.22"]
[Round "8"]
[White "Willemze, Jeroen"]
[Black "Van Kampen, Robin"]
[Result "0-1"]
[WhiteElo "2420"]
[BlackElo "2475"]
[PlyCount "78"]
[EventDate "2009.08.15"]
[EventType "tourn"]
[EventRounds "9"]
[EventCountry "NED"]
[EventCategory "10"]
[SourceTitle "CBM 131 Extra"]
[Source "ChessBase"]
[SourceDate "2009.09.03"]
[SourceVersion "2"]
[SourceVersionDate "2009.09.16"]
[SourceQuality "1"]

1. e4 c5 2. Nf3 d6 3. d4 cxd4 4. Nxd4 Nf6 5. Nc3 Nc6 6. Bc4 e6 7. Bb3 Be7 8. Be3 0-0 9. f4 Bd7 10. 0-0 Nxd4 11. Bxd4 Bc6 12. Qe2 b5 13. a3 a5 14. Rae1 Re8 15. f5 e5 16. Bf2 b4 17. axb4 axb4 18. Nd5 Nxd5 19. exd5 Bd7 20. Be3 Qa5 21. Qg4 Bd8 22. Bd2 Bb6+ 23. Kh1 Bd4 24. Re4 Qb5 25. Rfe1 f6 26. Qh5 Re7 27. Rh4 h6 28. h3 e4 29. Kh2 Bf2 30. Bxh6 Bxh4 31. Qxh4 gxh6 32. Qxf6 Rg7 33. Qxh6 Bxf5 34. Re3 Qf1 35. Rg3 Rxg3 36. Kxg3 Ra7 37. Qxd6 Rg7+ 38. Kh4 Qxg2 39. Qd8+ Kh7 0-1

[Event "Haarlem BDO-A"]
[Site "Haarlem"]
[Date "2009.08.16"]
[Round "2"]
[White "Steingrimsson, Hedinn"]
[Black "Willemze, Jeroen"]
[Result "1-0"]
[WhiteElo "2544"]
[BlackElo "2420"]
[PlyCount "114"]
[EventDate "2009.08.15"]
[EventType "tourn"]
[EventRounds "9"]
[EventCountry "NED"]
[EventCategory "10"]
[SourceTitle "CBM 131 Extra"]
[Source "ChessBase"]
[SourceDate "2009.09.03"]
[SourceVersion "2"]
[SourceVersionDate "2009.09.16"]
[SourceQuality "1"]

1. d4 d5 2. c4 c6 3. Nf3 Nf6 4. e3 Bf5 5. Nc3 e6 6. Nh4 Bg6 7. Be2 Nbd7 8. 0-0 Bd6 9. g3 0-0 10. Nxg6 hxg6 11. Qc2 Qe7 12. Rd1 a6 13. b3 Rfd8 14. a3 Bc7 15. Bb2 Rac8 16. Rac1 Bb8 17. Qb1 Ba7 18. Rc2 Bb8 19. Bf1 Ba7 20. Qc1 Qe8 21. b4 dxc4 22. Bxc4 e5 23. Ne2 e4 24. Nc3 Nb6 25. Bf1 Nbd5 26. Nxd5 Nxd5 27. Bc3 g5 28. a4 f5 29. Bd2 Rd6 30. b5 axb5 31. axb5 Rh6 32. h3 Qh5 33. Bg2 Rf8 34. bxc6 bxc6 35. Re1 Rff6 36. Qd1 g4 37. h4 g5 38. hxg5 Qxg5 39. Qa1 Rh7 40. Rec1 Qg6 41. Qa6 Rc7 42. Ba5 Rcf7 43. Rxc6 f4 44. Rxf6 Nxf6 45. Rc8+ Kg7 46. Rc7 Bb8 47. Rxf7+ Qxf7 48. exf4 Qa7 49. Qb5 Qxd4 50. Qxb8 Qa1+ 51. Kh2 Qxa5 52. Bxe4 Qe1 53. Qa7+ Kf8 54. Qc5+ Kg8 55. Bd3 Qa1 56. Bc4+ Kh8 57. Qf8+ Kh7 1-0

[Event "Haarlem BDO-A"]
[Site "Haarlem"]
[Date "2009.08.15"]
[Round "1"]
[White "Willemze, Jeroen"]
[Black "Solleveld, Maarten"]
[Result "0-1"]
[WhiteElo "2420"]
[BlackElo "2485"]
[PlyCount "42"]
[EventDate "2009.08.15"]
[EventType "tourn"]
[EventRounds "9"]
[EventCountry "NED"]
[EventCategory "10"]
[SourceTitle "CBM 131 Extra"]
[Source "ChessBase"]
[SourceDate "2009.09.03"]
[SourceVersion "2"]
[SourceVersionDate "2009.09.16"]
[SourceQuality "1"]

1. e4 c5 2. Nf3 e6 3. d4 cxd4 4. Nxd4 a6 5. Nc3 Qc7 6. Bd3 Nf6 7. Qe2 d6 8. 0-0 Be7 9. a4 b6 10. Bc4 0-0 11. Ba2 Bb7 12. f3 Nc6 13. Nxc6 Bxc6 14. Rd1 b5 15. axb5 axb5 16. Qe1 b4 17. Ne2 d5 18. Ng3 dxe4 19. fxe4 Bc5+ 20. Be3 Bxe4 21. Bb3 Ng4 0-1

[Event "NED-chT 0809"]
[Site "Netherlands"]
[Date "2009.05.10"]
[Round "9.3"]
[White "Van der Poel, Henk"]
[Black "Willemze, Jeroen"]
[Result "0-1"]
[WhiteElo "2296"]
[BlackElo "2418"]
[PlyCount "104"]
[EventDate "2008.09.27"]
[EventType "team-tourn"]
[EventRounds "9"]
[EventCountry "NED"]
[SourceTitle "EXT 2010"]
[Source "ChessBase"]
[SourceDate "2010.11.25"]
[SourceVersion "1"]
[SourceVersionDate "2010.11.25"]
[SourceQuality "1"]
[WhiteTeam "Bussum"]
[BlackTeam "Utrecht"]
[WhiteTeamCountry "NED"]
[BlackTeamCountry "NED"]

1. e4 c6 2. d4 d5 3. e5 Bf5 4. Nf3 e6 5. Be2 Nd7 6. 0-0 h6 7. b3 Ne7 8. c4 Ng6 9. Na3 Be7 10. Nc2 Be4 11. Nd2 c5 12. Nxe4 dxe4 13. Bh5 cxd4 14. Bxg6 fxg6 15. Qg4 Nxe5 16. Qxe4 Bf6 17. Bf4 Nc6 18. Qxe6+ Qe7 19. Qg4 0-0 20. Qxg6 Kh8 21. Rae1 Qd7 22. Qd3 a5 23. a3 Rad8 24. Re2 Qf7 25. Bg3 Rd7 26. Rd1 Rfd8 27. h3 Qf8 28. Re4 Qc5 29. Rde1 Rf8 30. Re8 Rd8 31. Rxf8+ Qxf8 32. Re6 Be7 33. Be5 Kg8 34. Bc7 Rd7 35. Bg3 Bxa3 36. Nxa3 Qxa3 37. Re8+ Kf7 38. Ra8 Qe7 39. Kh2 Qg5 40. Qh7 Nd8 41. h4 Qg6 42. Qxg6+ Kxg6 43. Rxa5 d3 44. h5+ Kf6 45. Ra1 Kf5 46. f3 Nc6 47. Kg1 Nd4 48. Kf2 Nxb3 49. Rb1 Nd2 50. Rb5+ Kf6 51. Rb6+ Kf7 52. Rb4 Nxc4 0-1

[Event "NED-chT 0809"]
[Site "Netherlands"]
[Date "2008.12.13"]
[Round "4.5"]
[White "Willemze, Jeroen"]
[Black "Zaragatski, Ilja"]
[Result "0-1"]
[WhiteElo "2418"]
[BlackElo "2415"]
[PlyCount "68"]
[EventDate "2008.09.27"]
[EventType "team-tourn"]
[EventRounds "9"]
[EventCountry "NED"]
[SourceTitle "EXT 2010"]
[Source "ChessBase"]
[SourceDate "2010.11.25"]
[SourceVersion "1"]
[SourceVersionDate "2010.11.25"]
[SourceQuality "1"]
[WhiteTeam "Utrecht"]
[BlackTeam "Homburg Apeldoorn"]
[WhiteTeamCountry "NED"]
[BlackTeamCountry "NED"]

1. e4 e6 2. d4 d5 3. Nc3 Nc6 4. Nf3 Nf6 5. e5 Ne4 6. a3 Nxc3 7. bxc3 Na5 8. h4 c5 9. h5 h6 10. a4 Qc7 11. Bd3 Bd7 12. 0-0 0-0-0 13. g3 Be7 14. Nh2 f5 15. exf6 gxf6 16. Ng4 Nc6 17. Bg6 cxd4 18. cxd4 Be8 19. c3 Bxg6 20. hxg6 Rdg8 21. Qd3 f5 22. Nxh6 Rxg6 23. Nf7 Rh7 24. Nh6 Rhxh6 25. Bxh6 Rxh6 26. c4 dxc4 27. Qxc4 f4 28. d5 fxg3 29. dxc6 gxf2+ 30. Rxf2 Qg3+ 31. Rg2 Qe3+ 32. Rf2 Bc5 33. cxb7+ Kb8 34. Qf1 Qg3+ 0-1

[Event "Haarlem BDO-A"]
[Site "Haarlem"]
[Date "2008.08.10"]
[Round "2"]
[White "Willemze, Jeroen"]
[Black "Rombaldoni, Axel"]
[Result "1-0"]
[WhiteElo "2420"]
[BlackElo "2374"]
[PlyCount "89"]
[EventDate "2008.08.09"]
[EventType "tourn"]
[EventRounds "9"]
[EventCountry "NED"]
[EventCategory "8"]
[SourceTitle "CBM 125 Extra"]
[Source "ChessBase"]
[SourceDate "2008.09.01"]
[SourceVersion "1"]
[SourceVersionDate "2008.09.01"]
[SourceQuality "1"]

1. e4 c5 2. Nf3 a6 3. g3 Nc6 4. d3 g6 5. Bg2 Bg7 6. 0-0 d6 7. c3 e5 8. a4 Nge7 9. Nbd2 0-0 10. Nc4 h6 11. a5 Be6 12. Nfd2 Rb8 13. Qa4 f5 14. f4 exf4 15. gxf4 d5 16. exd5 Bxd5 17. Nf3 Qc7 18. Be3 Rbd8 19. Bxc5 Qxf4 20. Nb6 Qxa4 21. Rxa4 Bb3 22. Ra3 Bf7 23. d4 Rfe8 24. c4 Nc8 25. d5 Nb8 26. b4 Nxb6 27. axb6 Nd7 28. Bf2 Rc8 29. Nd2 Re2 30. Rd1 Nf6 31. Bf3 Ree8 32. d6 Rb8 33. c5 Ne4 34. Nxe4 fxe4 35. Bg4 h5 36. Bd7 Rf8 37. Bd4 Bc4 38. Rc3 Bxd4+ 39. Rxd4 Bd3 40. Be6+ Kg7 41. Rc1 Rbe8 42. Bd5 Re5 43. d7 Rg5+ 44. Kh1 Rg4 45. Be6 1-0

[Event "NED-chT 0708"]
[Site "Netherlands"]
[Date "2008.05.17"]
[Round "9.6"]
[White "Deleyn, Gunter"]
[Black "Willemze, Jeroen"]
[Result "0-1"]
[WhiteElo "2303"]
[BlackElo "2413"]
[PlyCount "62"]
[EventDate "2007.09.15"]
[EventType "team-tourn"]
[EventRounds "9"]
[EventCountry "NED"]
[SourceTitle "EXT 2013"]
[Source "ChessBase"]
[SourceDate "2012.11.22"]
[SourceVersion "1"]
[SourceVersionDate "2012.11.22"]
[SourceQuality "1"]
[WhiteTeam "Sas van Gent"]
[BlackTeam "Utrecht"]
[WhiteTeamCountry "NED"]
[BlackTeamCountry "NED"]

1. g3 d5 2. Bg2 Nf6 3. Nf3 g6 4. 0-0 Bg7 5. d3 0-0 6. c3 c5 7. Qb3 b6 8. a4 Nc6 9. Nbd2 Ba6 10. Qa3 Bb7 11. b4 Nd7 12. bxc5 Nxc5 13. Nb3 Nxb3 14. Qxb3 Rc8 15. a5 Nxa5 16. Rxa5 Rxc3 17. Qb1 bxa5 18. Qxb7 Qc7 19. Qxc7 Rxc7 20. d4 e6 21. Ba3 Rfc8 22. Ra1 Rc4 23. Rd1 Bf8 24. Bc5 Bxc5 25. dxc5 R8xc5 26. Bf1 Rc1 27. Rd4 R5c4 28. Rd3 Ra1 29. Nd2 Rcc1 30. Kg2 Rd1 31. f4 Ra2 0-1

[Event "NED-chT 0708"]
[Site "Netherlands"]
[Date "2007.12.15"]
[Round "5.4"]
[White "Roobol, Martin"]
[Black "Willemze, Jeroen"]
[Result "0-1"]
[WhiteElo "2297"]
[BlackElo "2413"]
[PlyCount "116"]
[EventDate "2007.09.15"]
[EventType "team-tourn"]
[EventRounds "9"]
[EventCountry "NED"]
[SourceTitle "EXT 2009"]
[Source "ChessBase"]
[SourceDate "2008.11.26"]
[SourceVersion "1"]
[SourceVersionDate "2008.11.26"]
[SourceQuality "1"]
[WhiteTeam "Leiden LSG II"]
[BlackTeam "Utrecht"]
[WhiteTeamCountry "NED"]
[BlackTeamCountry "NED"]

1. d4 d5 2. c4 c6 3. Nc3 Nf6 4. Nf3 dxc4 5. a4 Bf5 6. e3 e6 7. Bxc4 Bb4 8. 0-0 Nbd7 9. Nh4 Bg6 10. f3 Nd5 11. Nxg6 hxg6 12. Ne2 a5 13. e4 N5b6 14. Bb3 e5 15. Be3 Qe7 16. Qc2 exd4 17. Bxd4 Bc5 18. Bxc5 Qxc5+ 19. Qxc5 Nxc5 20. Bc2 Ke7 21. b3 Nbd7 22. Rad1 Ne6 23. Rd2 Ndc5 24. Rfd1 g5 25. h3 Ra6 26. Nd4 Nxd4 27. Rxd4 Rb6 28. Kf2 Re8 29. Rc4 Ne6 30. g3 Rh8 31. Rh1 c5 32. Rc3 Rd6 33. Bd3 Rhd8 34. Ke3 Nd4 35. Bc4 Rh8 36. Rd3 Rdh6 37. e5 Nf5+ 38. Kf2 Rxh3 39. Rxh3 Rxh3 40. g4 Nd4 41. Kg2 Rh8 42. Rd1 Rd8 43. Rh1 Nc2 44. Kg3 Ne3 45. Bb5 Nd5 46. Rh5 Nc7 47. Rxg5 g6 48. Bc4 Ne6 49. Bxe6 Kxe6 50. f4 Rd3+ 51. Kh4 Rxb3 52. f5+ gxf5 53. Rxf5 c4 54. Rf6+ Ke7 55. Rf5 Rb6 56. Kg3 c3 57. Rf2 Rc6 58. Rc2 Ke6 0-1

[Event "NED-chT 0708"]
[Site "Netherlands"]
[Date "2007.11.24"]
[Round "4.4"]
[White "Willemze, Jeroen"]
[Black "Van den Doel, Erik"]
[Result "1/2-1/2"]
[WhiteElo "2413"]
[BlackElo "2587"]
[PlyCount "84"]
[EventDate "2007.09.15"]
[EventType "team-tourn"]
[EventRounds "9"]
[EventCountry "NED"]
[SourceTitle "EXT 2009"]
[Source "ChessBase"]
[SourceDate "2008.11.26"]
[SourceVersion "1"]
[SourceVersionDate "2008.11.26"]
[SourceQuality "1"]
[WhiteTeam "Utrecht"]
[BlackTeam "Calder HMC"]
[WhiteTeamCountry "NED"]
[BlackTeamCountry "NED"]

1. e4 c5 2. Nf3 d6 3. d4 cxd4 4. Nxd4 Nf6 5. Nc3 e6 6. Be3 Nc6 7. f3 Be7 8. Qd2 0-0 9. 0-0-0 d5 10. Qe1 e5 11. Nxc6 bxc6 12. exd5 cxd5 13. Bg5 Be6 14. Bc4 Bb4 15. Qxe5 Bxc3 16. bxc3 Nd7 17. Qg3 Qa5 18. Bb3 Qxc3 19. Kb1 Rfc8 20. Bc1 Qe5 21. Qxe5 Nxe5 22. Bxd5 Bxd5 23. Rxd5 Rab8+ 24. Ka1 f6 25. Rd2 Nc4 26. Re2 Rb7 27. Rd1 Kf7 28. Rd3 g5 29. Rb3 Rd7 30. Rd3 Rxd3 31. cxd3 Ne5 32. Ba3 Rc3 33. Bb2 Rxd3 34. Bxe5 fxe5 35. Kb2 Ke6 36. Kc2 Ra3 37. Kb2 Ra4 38. Kb3 Rh4 39. h3 Rd4 40. Kc3 Kf5 41. Rb2 Ra4 42. Kb3 Rd4 1/2-1/2

[Event "EU-Cup 23rd"]
[Site "Kemer"]
[Date "2007.10.08"]
[Round "6.4"]
[White "Horvath, Gyula"]
[Black "Willemze, Jeroen"]
[Result "0-1"]
[WhiteElo "2419"]
[BlackElo "2413"]
[PlyCount "32"]
[EventDate "2007.10.03"]
[EventType "team-swiss"]
[EventRounds "7"]
[EventCountry "TUR"]
[SourceTitle "CBM 121"]
[Source "ChessBase"]
[SourceDate "2007.11.14"]
[SourceVersion "1"]
[SourceVersionDate "2007.11.14"]
[SourceQuality "1"]
[WhiteTeam "Zalaegerszeg"]
[BlackTeam "Utrecht"]
[WhiteTeamCountry "HUN"]
[BlackTeamCountry "NED"]

1. Nf3 Nf6 2. c4 c6 3. d4 d5 4. e3 e6 5. Nbd2 c5 6. dxc5 Bxc5 7. a3 0-0 8. b4 Be7 9. Bb2 Nbd7 10. Qb3 a5 11. Be2 b6 12. 0-0 Bb7 13. Rfd1 axb4 14. axb4 dxc4 15. Nxc4 Bd5 16. b5 Qc7 0-1

[Event "EU-Cup 23rd"]
[Site "Kemer"]
[Date "2007.10.04"]
[Round "2.4"]
[White "Willemze, Jeroen"]
[Black "Ahn, Martin"]
[Result "1-0"]
[WhiteElo "2413"]
[BlackElo "2309"]
[PlyCount "82"]
[EventDate "2007.10.03"]
[EventType "team-swiss"]
[EventRounds "7"]
[EventCountry "TUR"]
[SourceTitle "CBM 121"]
[Source "ChessBase"]
[SourceDate "2007.11.14"]
[SourceVersion "1"]
[SourceVersionDate "2007.11.14"]
[SourceQuality "1"]
[WhiteTeam "Utrecht"]
[BlackTeam "Eupen Rochade"]
[WhiteTeamCountry "NED"]
[BlackTeamCountry "BEL"]

1. e4 c5 2. Nf3 Nc6 3. d4 cxd4 4. Nxd4 g6 5. c4 Bg7 6. Nc2 Nf6 7. Nc3 0-0 8. Be2 d6 9. 0-0 a6 10. Kh1 Rb8 11. f3 b6 12. Rb1 Bb7 13. Be3 e6 14. Qd2 Qc7 15. Rfd1 Rfd8 16. Na4 Bc8 17. Bf4 Ne8 18. Nc3 Ne5 19. b3 b5 20. Ne3 b4 21. Na4 Bd7 22. Nb2 a5 23. Bg3 f5 24. Bh4 Rdc8 25. f4 Nf7 26. exf5 gxf5 27. Bf3 Nf6 28. Rbc1 Bc6 29. Nd3 Ne4 30. Bxe4 Bxe4 31. Nf2 Qb7 32. Qe2 Rc5 33. Nxe4 Qxe4 34. Bg3 Rbc8 35. Qd3 d5 36. Rb1 Qxd3 37. Rxd3 d4 38. Nc2 Rd8 39. Rbd1 Rc7 40. Bf2 Rcd7 41. Bh4 Rd6 1-0

[Event "NED-chT 0607"]
[Site "Netherlands"]
[Date "2007.05.13"]
[Round "9.3"]
[White "Speelman, Jonathan S"]
[Black "Willemze, Jeroen"]
[Result "1/2-1/2"]
[WhiteElo "2541"]
[BlackElo "2423"]
[PlyCount "108"]
[EventDate "2006.09.23"]
[EventType "team-tourn"]
[EventRounds "9"]
[EventCountry "NED"]
[SourceTitle "EXT 2008"]
[Source "ChessBase"]
[SourceDate "2007.11.25"]
[SourceVersion "1"]
[SourceVersionDate "2007.11.25"]
[SourceQuality "1"]
[WhiteTeam "Calder HMC"]
[BlackTeam "Utrecht"]
[WhiteTeamCountry "NED"]
[BlackTeamCountry "NED"]

1. Nf3 Nf6 2. c4 c6 3. Nc3 d5 4. e3 e6 5. d4 Nbd7 6. Qc2 b6 7. b3 Bb7 8. Be2 Bd6 9. 0-0 Qe7 10. Bb2 0-0 11. Rad1 Rad8 12. e4 Nxe4 13. Nxe4 dxe4 14. Qxe4 f5 15. Qc2 c5 16. d5 e5 17. g3 e4 18. Nh4 Bc8 19. f3 Nf6 20. fxe4 Nxe4 21. Bd3 Qg5 22. Nf3 Qe3+ 23. Kg2 Qh6 24. Nh4 Rde8 25. Rde1 Qd2+ 26. Qxd2 Nxd2 27. Rxe8 Rxe8 28. Rf2 Ne4 29. Re2 g6 30. Nf3 Bd7 31. Bc1 Kg7 32. a4 h6 33. Nd2 Nxd2 34. Rxe8 Bxe8 35. Bxd2 Be5 36. h4 Bd7 37. Kf3 h5 38. a5 Kf7 39. axb6 axb6 40. Bg5 Bc7 41. Bf4 Bxf4 42. Kxf4 Kf6 43. Be2 Be8 44. Bf3 b5 45. cxb5 Bxb5 46. d6 Ke6 47. Kg5 Bd3 48. Kxg6 f4+ 49. Kxh5 fxg3 50. Kg4 Kxd6 51. h5 Ke7 52. Kxg3 Kf6 53. Kf4 Kg7 54. Bd1 Bh7 1/2-1/2

[Event "NED-chT 0607"]
[Site "Netherlands"]
[Date "2007.04.21"]
[Round "8.1"]
[White "Willemze, Jeroen"]
[Black "Wantola, Ivo"]
[Result "1/2-1/2"]
[WhiteElo "2423"]
[BlackElo "2226"]
[PlyCount "68"]
[EventDate "2006.09.23"]
[EventType "team-tourn"]
[EventRounds "9"]
[EventCountry "NED"]
[SourceTitle "EXT 2008"]
[Source "ChessBase"]
[SourceDate "2007.11.25"]
[SourceVersion "1"]
[SourceVersionDate "2007.11.25"]
[SourceQuality "1"]
[WhiteTeam "Utrecht"]
[BlackTeam "Leiden LSG"]
[WhiteTeamCountry "NED"]
[BlackTeamCountry "NED"]

1. e4 c5 2. Nf3 d6 3. d4 cxd4 4. Nxd4 Nf6 5. Nc3 g6 6. Be3 Bg7 7. f3 0-0 8. Qd2 Nc6 9. Bc4 Bd7 10. 0-0-0 Rc8 11. Bb3 Nxd4 12. Bxd4 b5 13. Nd5 Nxd5 14. Bxg7 Kxg7 15. exd5 a5 16. a3 b4 17. axb4 axb4 18. Qxb4 Kg8 19. Rhe1 Rb8 20. Qd4 Re8 21. Kd2 Qa5+ 22. Ke2 Rb4 23. Qd2 e5 24. dxe6 Qc5 25. Qe3 Bxe6 26. Kf2 Rc8 27. Qxc5 Rxc5 28. Rxd6 Bxb3 29. cxb3 Rxb3 30. Re2 Rc1 31. Rd7 Rc6 32. Kg3 Rcb6 33. Ree7 Rf6 34. Rb7 Rd3 1/2-1/2

[Event "NED-chT 0607"]
[Site "Netherlands"]
[Date "2007.02.03"]
[Round "5.3"]
[White "Willemze, Jeroen"]
[Black "Siebrecht, Sebastian"]
[Result "1-0"]
[WhiteElo "2423"]
[BlackElo "2457"]
[PlyCount "55"]
[EventDate "2006.09.23"]
[EventType "team-tourn"]
[EventRounds "9"]
[EventCountry "NED"]
[SourceTitle "EXT 2008"]
[Source "ChessBase"]
[SourceDate "2007.11.25"]
[SourceVersion "1"]
[SourceVersionDate "2007.11.25"]
[SourceQuality "1"]
[WhiteTeam "Utrecht"]
[BlackTeam "Homburg Apeldoorn"]
[WhiteTeamCountry "NED"]
[BlackTeamCountry "NED"]

1. e4 c5 2. Nf3 e6 3. d4 cxd4 4. Nxd4 a6 5. Nc3 Qc7 6. Bd3 Bc5 7. Nb3 Be7 8. Qg4 g6 9. Qe2 d6 10. 0-0 Nc6 11. f4 Nf6 12. Bd2 b5 13. a3 0-0 14. Kh1 Re8 15. Rae1 Bf8 16. Qf2 Bg7 17. Qh4 Bb7 18. f5 exf5 19. Bg5 Nxe4 20. Nd5 Qb8 21. Bxe4 Rxe4 22. Rxe4 fxe4 23. Na5 Nxa5 24. Ne7+ Kh8 25. Rxf7 Qe8 26. Nxg6+ Kg8 27. Ne7+ Kxf7 28. Qf4+ 1-0

[Event "NED-chT 0607"]
[Site "Netherlands"]
[Date "2006.12.16"]
[Round "4.7"]
[White "Wustefeld, Carl"]
[Black "Willemze, Jeroen"]
[Result "0-1"]
[WhiteElo "2248"]
[BlackElo "2423"]
[PlyCount "106"]
[EventDate "2006.09.23"]
[EventType "team-tourn"]
[EventRounds "9"]
[EventCountry "NED"]
[SourceTitle "EXT 2008"]
[Source "ChessBase"]
[SourceDate "2007.11.25"]
[SourceVersion "1"]
[SourceVersionDate "2007.11.25"]
[SourceQuality "1"]
[WhiteTeam "Nijmegen"]
[BlackTeam "Utrecht"]
[WhiteTeamCountry "NED"]
[BlackTeamCountry "NED"]

1. e4 d5 2. Nc3 c6 3. Qf3 e6 4. d4 dxe4 5. Nxe4 Qxd4 6. Ne2 Qb6 7. b3 Nd7 8. Bb2 Bb4+ 9. N2c3 Ngf6 10. 0-0-0 Qc7 11. Nxf6+ Nxf6 12. Ne4 Nxe4 13. Qxe4 Bf8 14. h4 Bd7 15. h5 h6 16. Rh3 0-0-0 17. Rhd3 Qa5 18. Kb1 Be7 19. Bxg7 Rhg8 20. Be5 Be8 21. f4 Rxd3 22. Qxd3 Qd5 23. Qe2 Qc5 24. Qe4 f5 25. Qf3 Bf7 26. Bd4 Qd5 27. Be2 Rxg2 28. Bf6 Qxf3 29. Bxf3 Rf2 30. Bxe7 Rxf3 31. Rd8+ Kc7 32. Rf8 Bxh5 33. Bf6 Bg4 34. a4 h5 35. a5 c5 36. Be5+ Kc6 37. Rf6 Kd5 38. Rf7 Kc6 39. Rc7+ Kb5 40. Rxb7+ Kxa5 41. Rxa7+ Kb5 42. Re7 h4 43. Rxe6 c4 44. bxc4+ Kxc4 45. Rd6 h3 46. Rd4+ Kb5 47. Rd5+ Kc4 48. Rd4+ Kc5 49. Rd2 Rf1+ 50. Kb2 Bf3 51. Rh2 Bg2 52. Kc3 Rd1 53. Bb8 Kd5 0-1

[Event "Hoogeveen Essent op"]
[Site "Hoogeveen"]
[Date "2006.10.26"]
[Round "7"]
[White "Willemze, Jeroen"]
[Black "Pruijssers, Roeland"]
[Result "1-0"]
[WhiteElo "2423"]
[BlackElo "2339"]
[PlyCount "51"]
[EventDate "2006.10.21"]
[EventType "swiss"]
[EventRounds "9"]
[EventCountry "NED"]
[SourceTitle "EXT 2007"]
[Source "ChessBase"]
[SourceDate "2006.11.23"]
[SourceVersion "1"]
[SourceVersionDate "2006.11.23"]
[SourceQuality "1"]

1. e4 e5 2. Nf3 Nc6 3. Bc4 Nf6 4. Ng5 d5 5. exd5 Na5 6. Bb5+ c6 7. dxc6 bxc6 8. Be2 h6 9. Nf3 e4 10. Ne5 Bd6 11. d4 exd3 12. Nxd3 Qc7 13. b3 0-0 14. Bb2 Ne4 15. Nc3 f5 16. h3 Bb7 17. 0-0 Rad8 18. Qe1 Rde8 19. f4 Qb6+ 20. Kh1 c5 21. Nxe4 fxe4 22. Qg3 Qc7 23. Ne5 Bxe5 24. Bxe5 Qe7 25. Rad1 Rf5 26. Bg4 1-0